000 00702nam a22002537a 4500
001 BR9511200
003 BR-BrBNA
005 20230928095138.0
007 ta
008 230509b bl.||||| |||| 00| 0 por d
040 _aBR-BrBNA
_bpor
_cBiblioteca Nacional de Agricultura
041 _a(Por)
072 _aE50
090 _ E50 BR9511200
100 1 _aMachado, G.O.D.
110 1 _aAssociacao de Credito e Assistencia Rural, Belo Horizonte, MG (Brasil)
_9511
245 1 _aA probreza rural em Minas Gerais
260 3 _aBelo Horizonte, MG (Brasil):
_c1966.
300 _a148 p.
650 _aPobreza Rural
650 _aMinas Gerais
909 _a202309
_bLucia
_c55
_dLucia Elande
942 _cBK
999 _c54799
_d54799